000 00779nam a2200289Ia 4500
005 20260324121643.0
008 008 260324s9999 xx 000 0 eng d
020 _a9780203385517
037 _aEBOOK
040 _aCRL
040 _beng
040 _cCRL
041 _2eng
041 _aeng
084 _qCRL
100 _aSahra Gibbon; Galen Joseph; Jessica Mozersky; Andrea zur Nieden; Sonja Palfner
_91163344
245 0 _aBreast Cancer Gene Research and Medical Practices
245 0 _bTransnational Perspectives in the Time of BRCA
260 _bTaylor and Francis
260 _c2014
365 _a
365 _b240
856 _uhttp://www.taylorfrancis.com/books/9780203385517
942 _cEBOOK
999 _c1755592
_d1755592